| 000 | 00717caa a22001817a 4500 | ||
|---|---|---|---|
| 999 |
_c442944 _d442944 |
||
| 003 | UA-OsUOA | ||
| 005 | 20191125143940.0 | ||
| 008 | 191125b un ||||| |||| 00| 0 ukr d | ||
| 040 |
_aUA-OsUOA _bukr _cUA-OsUOA _dUA-OsUOA |
||
| 041 | _aukr | ||
| 080 | _a908 | ||
| 090 | _a908 | ||
| 100 | _aЗаболотна Н. | ||
| 245 |
_aКириличні стародруки греко-католицьких монастирів, що побутували на Острожчині _cН. Заболотна |
||
| 300 | _aС. 215–219 | ||
| 773 | 0 |
_0417659 _9425167 _dОстрог Свинарчук Р. В. 2018 _o161111 _tОстрозький краєзнавчий збірник _w(UA-OsUOA) 135876 |
|
| 942 |
_2udc _cBKA |
||